[Event "Chessable Masters Winners"]
[Site "Chess.com INT"]
[Date "2025.02.18"]
[Round "2.2"]
[White "Wei, Yi"]
[Black "Erigaisi, Arjun Kumar"]
[Result "0-1"]
[WhiteElo "2755"]
[BlackElo "2801"]
[PlyCount "228"]
[EventDate "2025.02.18"]
[EventType "k.o. (rapid)"]
[EventRounds "5"]
[EventCountry "USA"]
[SourceTitle "CB09_2025"]
[SourceDate "2025.02.27"]
[SourceVersion "1"]
[SourceVersionDate "2025.02.27"]
[SourceQuality "1"]

1. Nf3 Nf6 2. c4 e6 3. b3 d5 4. Bb2 Bd6 5. g3 c5 6. cxd5 exd5 7. d4 cxd4 8. Bg2 Bb4+ 9. Nbd2 Bc3 10. Qc1 Bxb2 11. Qxb2 d3 12. exd3 Qe7+ 13. Ne5 Nfd7 14. 0-0 Nxe5 15. Rae1 Nbc6 16. d4 0-0 17. dxe5 Rd8 18. a3 Bf5 19. f4 a5 20. Rc1 Rac8 21. Rfd1 h6 22. h3 Na7 23. g4 Bh7 24. f5 Rxc1 25. Rxc1 Nc6 26. Re1 Qc5+ 27. Kh1 Qf2 28. Qc1 h5 29. Nf3 hxg4 30. hxg4 d4 31. Qg5 d3 32. f6 Bg6 33. Rd1 d2 34. fxg7 Qe2 35. Qh6 Bh7 36. Ng5 Qe1+ 37. Bf1 Be4+ 38. Nxe4 Qxe4+ 39. Bg2 Qe1+ 40. Bf1 Qe4+ 41. Bg2 Qh7 42. Qxh7+ Kxh7 43. Bxc6 bxc6 44. Kg2 Kxg7 45. Kf3 Rd3+ 46. Ke4 Rxb3 47. Rxd2 Rxa3 48. Rd7 Ra1 49. Kf5 Rf1+ 50. Kg5 Re1 51. Kf5 c5 52. Ra7 c4 53. Rxa5 c3 54. Rc5 Rf1+ 55. Kg5 Rf3 56. Rc8 Kh7 57. Kh5 Re3 58. g5 Kg7 59. Kg4 Kg6 60. Rg8+ Kh7 61. Rc8 Kg7 62. Kf4 Rh3 63. Kg4 Rd3 64. Kf5 Kh7 65. Ke4 Rh3 66. Kf4 Kg6 67. Rg8+ Kh7 68. Rc8 Kg7 69. Kf5 Rg3 70. Kf4 Rd3 71. Ke4 Rh3 72. Kf5 Rh1 73. Rxc3 Rf1+ 74. Kg4 Re1 75. Rc5 Re4+ 76. Kf5 Re1 77. Rc7 Kf8 78. g6 Rf1+ 79. Ke4 fxg6 80. e6 Ke8 81. Rf7 Rxf7 82. exf7+ Kxf7 83. Kf4 Kf6 84. Kg4 Kf7 85. Kg5 Kg7 86. Kg4 Kh7 87. Kg5 Kg7 88. Kg4 Kf6 89. Kf4 g5+ 90. Kg4 Kg6 91. Kg3 Kh7 92. Kg4 Kh6 93. Kg3 Kh5 94. Kh3 Kh6 95. Kg3 Kg6 96. Kg4 Kf6 97. Kg3 Kf5 98. Kf3 Ke5 99. Kg4 Kf6 100. Kg3 Kf5 101. Kf3 g4+ 102. Kg3 Kg5 103. Kg2 Kg6 104. Kg3 Kh5 105. Kg2 Kg5 106. Kg3 Kf5 107. Kg2 Kf4 108. Kf2 g3+ 109. Kg2 Kg4 110. Kg1 Kh5 111. Kf1 Kh4 112. Kg2 Kg4 113. Kg1 Kf3 114. Kh1 Kf4 0-1

[Event "Chessable Masters Winners"]
[Site "Chess.com INT"]
[Date "2025.02.18"]
[Round "1.2"]
[White "Wei, Yi"]
[Black "Praggnanandhaa, Rameshbabu"]
[Result "1/2-1/2"]
[WhiteElo "2755"]
[BlackElo "2741"]
[PlyCount "43"]
[EventDate "2025.02.18"]
[EventType "k.o. (rapid)"]
[EventRounds "5"]
[EventCountry "USA"]
[SourceTitle "CB09_2025"]
[SourceDate "2025.02.27"]
[SourceVersion "1"]
[SourceVersionDate "2025.02.27"]
[SourceQuality "1"]

1. Nf3 Nf6 2. c4 c5 3. Nc3 Nc6 4. d4 cxd4 5. Nxd4 e6 6. g3 Qb6 7. Nb3 Ne5 8. e4 Bb4 9. Qe2 d6 10. Bd2 a5 11. f4 Nc6 12. Be3 Qc7 13. Nd2 Bxc3 14. bxc3 e5 15. f5 a4 16. g4 b6 17. Rb1 Nd7 18. g5 Na5 19. Rb4 Nc6 20. Rb1 Na5 21. Rb4 Nc6 22. Rb1 1/2-1/2

[Event "Chessable Masters Play In"]
[Site "Chess.com INT"]
[Date "2025.02.17"]
[Round "8"]
[White "Duda, Jan Krzysztof"]
[Black "Wei, Yi"]
[Result "1/2-1/2"]
[WhiteElo "2739"]
[BlackElo "2755"]
[PlyCount "80"]
[EventDate "2025.02.17"]
[EventType "swiss (blitz)"]
[EventRounds "9"]
[EventCountry "USA"]
[SourceTitle "CB08_2025"]
[SourceDate "2025.02.19"]
[SourceVersion "1"]
[SourceVersionDate "2025.02.19"]
[SourceQuality "1"]

1. e4 e5 2. Nf3 Nc6 3. Bb5 Nf6 4. 0-0 Nxe4 5. Re1 Nd6 6. Nxe5 Be7 7. Bf1 Nxe5 8. Rxe5 0-0 9. Nc3 Ne8 10. Nd5 Bd6 11. Re1 c6 12. Ne3 Be7 13. c4 Nc7 14. d4 d5 15. cxd5 Nxd5 16. Nxd5 cxd5 17. Qb3 Bf6 18. Be3 Qd6 19. Rac1 Be6 20. g3 Qd7 21. Rc5 Rfc8 22. Rec1 Rxc5 23. Rxc5 b6 24. Rc3 Rc8 25. h4 g6 26. a3 Kg7 27. Qc2 Rxc3 28. Qxc3 Kg8 29. Bh6 Qc8 30. Qe3 Qc7 31. Bd3 Qd6 32. Bf4 Qd8 33. Be5 h5 34. Qf4 Bxe5 35. Qxe5 Qd7 36. Kg2 Bh3+ 37. Kg1 Bg4 38. Kg2 Bh3+ 39. Kg1 Bg4 40. Kg2 Bh3+ 1/2-1/2

[Event "Chessable Masters Play In"]
[Site "Chess.com INT"]
[Date "2025.02.17"]
[Round "4"]
[White "Santos Latasa, Jaime"]
[Black "Wei, Yi"]
[Result "0-1"]
[WhiteElo "2631"]
[BlackElo "2755"]
[PlyCount "146"]
[EventDate "2025.02.17"]
[EventType "swiss (blitz)"]
[EventRounds "9"]
[EventCountry "USA"]
[SourceTitle "CB08_2025"]
[SourceDate "2025.02.19"]
[SourceVersion "1"]
[SourceVersionDate "2025.02.19"]
[SourceQuality "1"]

1. Nf3 d6 2. d4 Nf6 3. c4 g6 4. Nc3 Bf5 5. Nh4 Bd7 6. Nf3 Bf5 7. Nh4 Bd7 8. Nf3 Bg7 9. e4 0-0 10. Be2 e5 11. 0-0 Nc6 12. d5 Ne7 13. Ne1 Ne8 14. Be3 f5 15. f3 f4 16. Bf2 g5 17. Nd3 Nf6 18. c5 h5 19. Qb3 Ng6 20. c6 Be8 21. cxb7 Rb8 22. Bxa7 g4 23. Bxb8 Qxb8 24. fxg4 hxg4 25. Nf2 Bd7 26. Bb5 g3 27. hxg3 fxg3 28. Bxd7 gxf2+ 29. Rxf2 Nxd7 30. Rxf8+ Bxf8 31. a4 Bh6 32. Ne2 Kg7 33. a5 Nc5 34. Qf3 Qxb7 35. Rf1 Bf4 36. g3 Bg5 37. Qf7+ Kh6 38. Qf5 Qxb2 39. Kf2 Qd2 40. Rh1+ Kg7 41. Qf3 Nd3+ 42. Kg2 Ne1+ 43. Rxe1 Qxe1 44. a6 Qa1 45. Qd3 Nf8 46. Qb5 Be3 47. g4 Qa2 48. Kf3 Qa3 49. Kg2 Bb6 50. Ng3 Qc5 51. Qe8 Qf2+ 52. Kh3 Qe3 53. Kg2 Qf2+ 54. Kh3 Qf3 55. Qe7+ Kg6 56. Kh4 Qf6+ 57. Qxf6+ Kxf6 58. Kh5 Nh7 59. Kh6 Nf8 60. g5+ Kf7 61. Nf5 Ng6 62. Kh7 Nf8+ 63. Kh6 Bc5 64. Nh4 Be3 65. Nf5 Bf2 66. Nh4 Kg8 67. g6 Be3+ 68. Kh5 Nd7 69. Kg4 Bb6 70. Kf5 Kg7 71. Kg5 Be3+ 72. Kg4 Bf2 73. Kg5 Bxh4+ 0-1

[Event "Chessable Masters Play In"]
[Site "Chess.com INT"]
[Date "2025.02.17"]
[Round "2"]
[White "Suyarov, Mukhammadzokhid"]
[Black "Wei, Yi"]
[Result "1/2-1/2"]
[WhiteElo "2465"]
[BlackElo "2755"]
[PlyCount "115"]
[EventDate "2025.02.17"]
[EventType "swiss (blitz)"]
[EventRounds "9"]
[EventCountry "USA"]
[SourceTitle "CB08_2025"]
[SourceDate "2025.02.19"]
[SourceVersion "1"]
[SourceVersionDate "2025.02.19"]
[SourceQuality "1"]

1. e4 c5 2. Nf3 d6 3. Bb5+ Nd7 4. 0-0 a6 5. Bxd7+ Bxd7 6. a4 g6 7. c3 Nf6 8. Re1 Bc6 9. e5 dxe5 10. Nxe5 Rc8 11. Nxc6 Rxc6 12. Qf3 Bg7 13. Na3 c4 14. Qe2 Qc7 15. d4 cxd3 16. Qxd3 0-0 17. Qf3 e5 18. Bg5 h6 19. Bh4 Nh5 20. Nc2 Rc4 21. Bg3 Nxg3 22. hxg3 Rd8 23. Rad1 Rxd1 24. Rxd1 Rxa4 25. Nb4 a5 26. Nd5 Qd6 27. Qe2 Kh7 28. Qb5 Qc6 29. Qxc6 bxc6 30. Nb6 Ra2 31. Nc4 e4 32. Rd7 f5 33. Rc7 Ra1+ 34. Kh2 Rf1 35. f4 exf3 36. gxf3 Rxf3 37. Kg2 Rd3 38. Rxc6 h5 39. Ra6 Kh6 40. Rxa5 Kg5 41. Ra6 Rd1 42. Re6 Rb1 43. Kh3 Rh1+ 44. Kg2 Rb1 45. Kh3 Kh6 46. Nd6 Kh7 47. Re7 Rxb2 48. Ne8 g5 49. Nxg7 Kg6 50. g4 hxg4+ 51. Kg3 Rd2 52. Nxf5 Kxf5 53. Rf7+ Kg6 54. Rc7 Kh5 55. Rh7+ Kg6 56. Rc7 Kh5 57. Rh7+ Kg6 58. Rc7 1/2-1/2

[Event "Chessable Masters Play In"]
[Site "Chess.com INT"]
[Date "2025.02.17"]
[Round "9"]
[White "Vachier Lagrave, Maxime"]
[Black "Wei, Yi"]
[Result "1/2-1/2"]
[WhiteElo "2729"]
[BlackElo "2755"]
[PlyCount "49"]
[EventDate "2025.02.17"]
[EventType "swiss (blitz)"]
[EventRounds "9"]
[EventCountry "USA"]
[SourceTitle "CB08_2025"]
[SourceDate "2025.02.19"]
[SourceVersion "1"]
[SourceVersionDate "2025.02.19"]
[SourceQuality "1"]

1. e4 c5 2. Nf3 d6 3. d4 cxd4 4. Nxd4 Nf6 5. Nc3 a6 6. Be3 e5 7. Nf3 Be7 8. Bc4 Be6 9. Bb3 0-0 10. 0-0 Qc8 11. Bg5 Nbd7 12. a4 h6 13. Bxe6 fxe6 14. Bxf6 Rxf6 15. Nd2 Qc6 16. Qe2 Rc8 17. Rfd1 Bd8 18. a5 b5 19. axb6 Bxb6 20. Nf3 a5 21. Qd3 Bc7 22. Qb5 Bb6 23. Qd3 Bc7 24. Qb5 Bb6 25. Qd3 1/2-1/2

[Event "Chessable Masters Play In"]
[Site "Chess.com INT"]
[Date "2025.02.17"]
[Round "6"]
[White "Vokhidov, Shamsiddin"]
[Black "Wei, Yi"]
[Result "1/2-1/2"]
[WhiteElo "2670"]
[BlackElo "2755"]
[PlyCount "184"]
[EventDate "2025.02.17"]
[EventType "swiss (blitz)"]
[EventRounds "9"]
[EventCountry "USA"]
[SourceTitle "CB08_2025"]
[SourceDate "2025.02.19"]
[SourceVersion "1"]
[SourceVersionDate "2025.02.19"]
[SourceQuality "1"]

1. e4 e5 2. Nf3 Nc6 3. Bb5 Nf6 4. d3 d6 5. Nc3 Bd7 6. d4 exd4 7. Nxd4 Be7 8. Nxc6 Bxc6 9. Bxc6+ bxc6 10. 0-0 0-0 11. f4 Nd7 12. Be3 Bf6 13. Bd4 Re8 14. Qd2 Rb8 15. b3 Bxd4+ 16. Qxd4 c5 17. Qd2 Rb4 18. Rad1 Rd4 19. Qf2 Rxd1 20. Rxd1 Qe7 21. Nd5 Qd8 22. Qf3 h6 23. h3 Nb6 24. e5 Qb8 25. exd6 cxd6 26. Ne3 Qc7 27. Nf5 Re6 28. c4 Rf6 29. Qd3 d5 30. cxd5 Qxf4 31. Rf1 Qe5 32. d6 Nd7 33. Ne7+ Kf8 34. Rxf6 Nxf6 35. Nc6 Qe1+ 36. Kh2 Qe8 37. Nxa7 Qe5+ 38. Qg3 Qd5 39. Nb5 Ne4 40. Nc3 Nxc3 41. Qxc3 Qxd6+ 42. Qg3 Qd4 43. a4 g5 44. a5 Kg7 45. a6 Qa1 46. Qd6 Kh7 47. Qc7 Qxa6 48. Qxf7+ Kh8 49. Qf8+ Kh7 50. Qxc5 Qb7 51. b4 Qb8+ 52. Kh1 Qf4 53. Qe7+ Kg6 54. Qe6+ Kg7 55. Qd7+ Kg6 56. Qc6+ Kg7 57. Qc3+ Kg6 58. Qc2+ Kg7 59. Qb2+ Kg6 60. Qb1+ Kg7 61. b5 g4 62. b6 gxh3 63. Qb2+ Kf7 64. gxh3 Qf1+ 65. Kh2 Qf4+ 66. Kg2 Qe4+ 67. Kg3 Qe3+ 68. Kg2 Qe4+ 69. Kf2 Qf4+ 70. Ke1 Qe4+ 71. Kd1 Qh1+ 72. Kc2 Qc6+ 73. Kd3 Qf3+ 74. Kc2 Qc6+ 75. Kb1 Qe4+ 76. Ka2 Qa4+ 77. Qa3 Qc2+ 78. Ka1 Qd1+ 79. Ka2 Qe2+ 80. Qb2 Qa6+ 81. Kb1 Qd3+ 82. Kc1 Qf1+ 83. Kc2 Qe2+ 84. Kc3 Qe5+ 85. Kb3 Qb5+ 86. Kc2 Qe2+ 87. Kc1 Qf1+ 88. Kc2 Qg2+ 89. Kb1 Qe4+ 90. Ka2 Qa4+ 91. Qa3 Qc2+ 92. Qb2 Qa4+ 1/2-1/2

[Event "Chessable Masters Play In"]
[Site "Chess.com INT"]
[Date "2025.02.17"]
[Round "7"]
[White "Wei, Yi"]
[Black "Sjugirov, Sanan"]
[Result "1-0"]
[WhiteElo "2755"]
[BlackElo "2643"]
[PlyCount "95"]
[EventDate "2025.02.17"]
[EventType "swiss (blitz)"]
[EventRounds "9"]
[EventCountry "USA"]
[SourceTitle "CB08_2025"]
[SourceDate "2025.02.19"]
[SourceVersion "1"]
[SourceVersionDate "2025.02.19"]
[SourceQuality "1"]

1. Nf3 d5 2. e3 Nf6 3. c4 c6 4. Nc3 e6 5. b3 Bd6 6. Bb2 0-0 7. h3 a6 8. g4 b5 9. g5 Ne4 10. Rg1 Nd7 11. Qc2 f5 12. gxf6 Nexf6 13. Ng5 Qe7 14. Bd3 h6 15. Nh7 Rf7 16. f4 Bb7 17. Ne2 e5 18. Nxf6+ Nxf6 19. Bg6 Rff8 20. Ng3 Bc8 21. c5 Bc7 22. 0-0-0 Bd7 23. Rde1 Kh8 24. Bf5 Be8 25. Kb1 a5 26. a3 Ra7 27. Bg6 Bd7 28. Ref1 b4 29. a4 Bb8 30. Ne2 Bxh3 31. Rf2 Bd7 32. Rh2 Bc7 33. fxe5 Bxe5 34. Nf4 Bxb2 35. Qxb2 Kg8 36. Bc2 Ng4 37. Rhg2 Qg5 38. Qd4 h5 39. Rh1 Be8 40. Qd3 g6 41. Ne6 Qe7 42. Nxf8 Qxf8 43. Qd4 Rf7 44. Ka2 Rf1 45. Rgg1 Rxg1 46. Rxg1 Qf2 47. Rc1 h4 48. Qxg4 1-0

[Event "Chessable Masters Play In"]
[Site "Chess.com INT"]
[Date "2025.02.17"]
[Round "3"]
[White "Wei, Yi"]
[Black "Ter Sahakyan, Samvel"]
[Result "1-0"]
[WhiteElo "2755"]
[BlackElo "2611"]
[PlyCount "49"]
[EventDate "2025.02.17"]
[EventType "swiss (blitz)"]
[EventRounds "9"]
[EventCountry "USA"]
[SourceTitle "CB08_2025"]
[SourceDate "2025.02.19"]
[SourceVersion "1"]
[SourceVersionDate "2025.02.19"]
[SourceQuality "1"]

1. e4 c5 2. Be2 Nc6 3. d3 d5 4. exd5 Qxd5 5. Nc3 Qd7 6. Be3 e6 7. Nf3 Nf6 8. h3 Nd4 9. 0-0 Be7 10. a4 0-0 11. Qd2 Nxe2+ 12. Qxe2 b6 13. Ne5 Qb7 14. a5 Nd5 15. Bd2 Nb4 16. Be3 Nd5 17. f4 Nxe3 18. Qxe3 b5 19. a6 Qb6 20. Qe4 Bxa6 21. Nd7 Qd6 22. Nxf8 Rxf8 23. Ra2 Rc8 24. Rfa1 Rc6 25. Qe5 1-0

[Event "Chessable Masters Play In"]
[Site "Chess.com INT"]
[Date "2025.02.17"]
[Round "1"]
[White "Wei, Yi"]
[Black "Vakhidov, Jahongir"]
[Result "1-0"]
[WhiteElo "2755"]
[BlackElo "2546"]
[PlyCount "93"]
[EventDate "2025.02.17"]
[EventType "swiss (blitz)"]
[EventRounds "9"]
[EventCountry "USA"]
[SourceTitle "CB08_2025"]
[SourceDate "2025.02.19"]
[SourceVersion "1"]
[SourceVersionDate "2025.02.19"]
[SourceQuality "1"]

1. e4 c5 2. Be2 g6 3. d3 Bg7 4. f4 d5 5. Nf3 dxe4 6. dxe4 Qxd1+ 7. Bxd1 Nf6 8. Nc3 Be6 9. e5 Nd5 10. Ng5 Nc6 11. Nxe6 fxe6 12. Ne4 b6 13. c3 h6 14. Bg4 Kf7 15. Bd2 Rad8 16. 0-0-0 Nc7 17. Kc2 Rhf8 18. Rhf1 Kg8 19. g3 c4 20. a4 Nd5 21. Bxe6+ Kh7 22. Bc1 Nc7 23. Rxd8 Rxd8 24. Bxc4 Rc8 25. Be3 Na5 26. Ba2 Na6 27. Kd3 Nb7 28. b4 Nc7 29. Rd1 g5 30. fxg5 Bxe5 31. gxh6 Kg6 32. Ke2 Nd6 33. Bb1 Kh5 34. Nxd6 exd6 35. Bf5 Rf8 36. g4+ Kh4 37. h7 b5 38. Bf2+ Kg5 39. h4+ Kf6 40. a5 Ne6 41. Bxa7 Nf4+ 42. Kf3 Ng6 43. Bf2 Kg7 44. a6 Ne7 45. a7 Bxc3 46. Rxd6 Bxb4 47. Bd4+ 1-0

[Event "Tata Steel-A 87th"]
[Site "Wijk aan Zee"]
[Date "2025.02.02"]
[Round "13"]
[White "Fedoseev, Vladimir1"]
[Black "Wei, Yi"]
[Result "1/2-1/2"]
[WhiteElo "2717"]
[BlackElo "2751"]
[PlyCount "132"]
[EventDate "2025.01.18"]
[EventType "tourn"]
[EventRounds "13"]
[EventCountry "NED"]
[EventCategory "19"]
[SourceTitle "CB06_2025"]
[SourceDate "2025.02.05"]
[SourceVersion "1"]
[SourceVersionDate "2025.02.05"]
[SourceQuality "1"]

1. d4 Nf6 2. Nf3 d5 3. c4 e6 4. g3 Be7 5. Bg2 0-0 6. 0-0 dxc4 7. Qa4 a6 8. Qxc4 b5 9. Qc2 Bb7 10. Bd2 Bd6 11. Re1 Be4 12. Qc1 Bb7 13. Be3 Nbd7 14. Nbd2 Nd5 15. Nb3 Nxe3 16. Qxe3 Rc8 17. Rec1 Bd5 18. Nfd2 Bxg2 19. Kxg2 c5 20. Ne4 cxd4 21. Nxd4 Nc5 22. Nxd6 Qxd6 23. Nf3 Na4 24. b3 Nb6 25. Qd4 Qb8 26. e4 Qb7 27. Ne5 f6 28. Nd3 Rfd8 29. Rxc8 Qxc8 30. Qe3 Nd7 31. Rc1 Qb7 32. Qd4 Qa8 33. Qb4 Nf8 34. Nc5 Rc8 35. Qd2 Rd8 36. Qe3 Kf7 37. Nd3 Rc8 38. Rd1 Nd7 39. Qd4 Rc7 40. Rd2 Qb7 41. Qe3 Rc8 42. Nf4 Ne5 43. Rd6 Rc6 44. Rd8 Rc8 45. Rxc8 Qxc8 46. Qa7+ Nd7 47. Nd3 Qc6 48. Kf3 Ke7 49. Ke3 Qc3 50. f4 Qc2 51. Nb4 Qxh2 52. Qc7 Qxg3+ 53. Ke2 Qg2+ 54. Ke3 Qg1+ 55. Ke2 Qg2+ 56. Ke3 Qh3+ 57. Kd2 e5 58. Nd5+ Ke8 59. Qc8+ Kf7 60. f5 Qg2+ 61. Ke3 Qh3+ 62. Kd2 Qg2+ 63. Ke3 Qg1+ 64. Ke2 Qh2+ 65. Ke3 Qg1+ 66. Ke2 Qg2+ 1/2-1/2

[Event "Tata Steel-A 87th"]
[Site "Wijk aan Zee"]
[Date "2025.02.01"]
[Round "12"]
[White "Wei, Yi"]
[Black "Giri, Anish"]
[Result "1/2-1/2"]
[WhiteElo "2751"]
[BlackElo "2731"]
[PlyCount "75"]
[EventDate "2025.01.18"]
[EventType "tourn"]
[EventRounds "13"]
[EventCountry "NED"]
[EventCategory "19"]
[SourceTitle "CB06_2025"]
[SourceDate "2025.02.05"]
[SourceVersion "1"]
[SourceVersionDate "2025.02.05"]
[SourceQuality "1"]

1. e4 e5 2. Nf3 Nf6 3. Nxe5 d6 4. Nf3 Nxe4 5. d4 d5 6. Bd3 Bd6 7. 0-0 0-0 8. Re1 Bf5 9. Nc3 Nxc3 10. bxc3 Bxd3 11. cxd3 Nc6 12. c4 Bb4 13. Bd2 Bxd2 14. Qxd2 Qf6 15. cxd5 Nxd4 16. Nxd4 Qxd4 17. Rac1 Rac8 18. Re7 Qxd5 19. Rcxc7 Rxc7 20. Rxc7 h6 21. h3 Rd8 22. Qe3 Qxd3 23. Rxb7 Qxe3 24. fxe3 Rd1+ 25. Kh2 Rd3 26. Rxa7 Rxe3 27. Ra8+ Kh7 28. Ra7 f5 29. Ra6 f4 30. Ra4 g5 31. Ra7+ Kg6 32. Ra6+ Kh5 33. a4 Re2 34. Rf6 Ra2 35. a5 Rxa5 36. g4+ fxg3+ 37. Kxg3 Ra3+ 38. Kg2 1/2-1/2

[Event "Tata Steel-A 87th"]
[Site "Wijk aan Zee"]
[Date "2025.01.31"]
[Round "11"]
[White "Gukesh, Dommaraju"]
[Black "Wei, Yi"]
[Result "1/2-1/2"]
[WhiteElo "2777"]
[BlackElo "2751"]
[PlyCount "60"]
[EventDate "2025.01.18"]
[EventType "tourn"]
[EventRounds "13"]
[EventCountry "NED"]
[EventCategory "19"]
[SourceTitle "CB06_2025"]
[SourceDate "2025.02.05"]
[SourceVersion "1"]
[SourceVersionDate "2025.02.05"]
[SourceQuality "1"]

1. e4 e5 2. Nf3 Nc6 3. Bc4 Nf6 4. d3 Be7 5. 0-0 0-0 6. Nbd2 d5 7. exd5 Nxd5 8. Re1 f6 9. d4 Bg4 10. Nb3 Kh8 11. h3 Bh5 12. c3 exd4 13. Nbxd4 Nxd4 14. Qxd4 Bxf3 15. gxf3 Nb6 16. Qxd8 Rfxd8 17. Rxe7 Nxc4 18. Bf4 Nxb2 19. Rb1 Rd1+ 20. Rxd1 Nxd1 21. Rxc7 b6 22. Kf1 Re8 23. Bd2 h5 24. Rxa7 Rd8 25. Be1 Nb2 26. Rb7 Nc4 27. Rc7 Ne5 28. Ke2 Re8 29. Bd2 Nc4+ 30. Be3 Nxe3 1/2-1/2

[Event "Tata Steel-A 87th"]
[Site "Wijk aan Zee"]
[Date "2025.01.29"]
[Round "10"]
[White "Wei, Yi"]
[Black "Van Foreest, Jorden"]
[Result "1/2-1/2"]
[WhiteElo "2751"]
[BlackElo "2680"]
[PlyCount "45"]
[EventDate "2025.01.18"]
[EventType "tourn"]
[EventRounds "13"]
[EventCountry "NED"]
[EventCategory "19"]
[SourceTitle "CB06_2025"]
[SourceDate "2025.02.05"]
[SourceVersion "1"]
[SourceVersionDate "2025.02.05"]
[SourceQuality "1"]

1. e4 e5 2. Nf3 Nc6 3. Bc4 Nf6 4. d3 Be7 5. Nc3 d6 6. a3 Bg4 7. h3 Bxf3 8. Qxf3 Nd4 9. Qd1 c6 10. 0-0 0-0 11. Ne2 Ne6 12. Ng3 d5 13. Ba2 Bc5 14. Bd2 a5 15. Bc3 Nd4 16. Bd2 Ne6 17. Bc3 Nd4 18. Re1 Re8 19. Bd2 Ne6 20. Qf3 Nd4 21. Qd1 Ne6 22. Qf3 Nd4 23. Qd1 1/2-1/2

[Event "Tata Steel-A 87th"]
[Site "Wijk aan Zee"]
[Date "2025.01.28"]
[Round "9"]
[White "Wei, Yi"]
[Black "Erigaisi, Arjun Kumar"]
[Result "1/2-1/2"]
[WhiteElo "2751"]
[BlackElo "2801"]
[PlyCount "64"]
[EventDate "2025.01.18"]
[EventType "tourn"]
[EventRounds "13"]
[EventCountry "NED"]
[EventCategory "19"]
[SourceTitle "CB06_2025"]
[SourceDate "2025.02.05"]
[SourceVersion "1"]
[SourceVersionDate "2025.02.05"]
[SourceQuality "1"]

1. e4 e5 2. Nf3 Nc6 3. Bb5 a6 4. Ba4 Nf6 5. 0-0 Be7 6. Re1 b5 7. Bb3 0-0 8. c3 d5 9. exd5 Nxd5 10. Nxe5 Nxe5 11. Rxe5 Bb7 12. d4 Bf6 13. Re1 Re8 14. Na3 b4 15. Nc4 bxc3 16. Ne5 Qd6 17. f4 cxb2 18. Bxb2 a5 19. a4 Re7 20. Ba3 Nb4 21. Rc1 Rd8 22. Rc5 Qxd4+ 23. Qxd4 Rxd4 24. g3 Rd2 25. Rd1 Rxd1+ 26. Bxd1 Bxe5 27. fxe5 Rd7 28. Be2 Rd2 29. Rxc7 Rxe2 30. Rxb7 Kf8 31. Bxb4+ axb4 32. Rxb4 Ra2 1/2-1/2

[Event "Tata Steel-A 87th"]
[Site "Wijk aan Zee"]
[Date "2025.01.26"]
[Round "8"]
[White "Warmerdam, Max"]
[Black "Wei, Yi"]
[Result "0-1"]
[WhiteElo "2646"]
[BlackElo "2751"]
[PlyCount "126"]
[EventDate "2025.01.18"]
[EventType "tourn"]
[EventRounds "13"]
[EventCountry "NED"]
[EventCategory "19"]
[SourceTitle "CB06_2025"]
[SourceDate "2025.02.05"]
[SourceVersion "1"]
[SourceVersionDate "2025.02.05"]
[SourceQuality "1"]

1. e4 e5 2. Nf3 Nc6 3. d4 exd4 4. Nxd4 Nf6 5. Nxc6 bxc6 6. Bd3 d5 7. exd5 cxd5 8. 0-0 Be7 9. h3 0-0 10. Re1 c5 11. b3 Bb7 12. Nc3 c4 13. Bf1 d4 14. Nb5 Bb4 15. Bd2 Bc5 16. Re5 Ne4 17. Rxc5 Qf6 18. Be1 Nxc5 19. Qxd4 Qxd4 20. Nxd4 Rfd8 21. Nf5 cxb3 22. axb3 a6 23. Bc4 Ne6 24. Bxe6 fxe6 25. Ne3 Rac8 26. Ra4 Rc5 27. Bb4 Re5 28. Bc3 Re4 29. Ra2 Rf4 30. Ra5 h6 31. Kf1 Bc6 32. Kg1 Bb7 33. Kf1 Kh7 34. Ke2 Rf7 35. f3 Rc7 36. Be1 Rcd7 37. Bb4 Rb8 38. Bc3 Rc8 39. Bb4 Rc6 40. Bc5 Bc8 41. Ba3 Rb7 42. Bb2 Bd7 43. Ra3 Be8 44. Bd4 Bf7 45. Ra2 Rb4 46. Bb2 Bg6 47. Kd2 Rb5 48. Ra4 Rb7 49. Bd4 Be8 50. Nc4 e5 51. Nxe5 Rd6 52. Rc4 Bb5 53. Rb4 a5 54. Rxb5 Rxb5 55. Ke3 Rbd5 56. Bc3 a4 57. bxa4 Rc5 58. Bd4 Rxc2 59. g4 Ra2 60. f4 Rxa4 61. Bc5 Rd5 62. Be7 g5 63. Nd3 gxf4+ 0-1

[Event "Tata Steel-A 87th"]
[Site "Wijk aan Zee"]
[Date "2025.01.25"]
[Round "7"]
[White "Wei, Yi"]
[Black "Mendonca, Leon Luke"]
[Result "1/2-1/2"]
[WhiteElo "2751"]
[BlackElo "2639"]
[PlyCount "80"]
[EventDate "2025.01.18"]
[EventType "tourn"]
[EventRounds "13"]
[EventCountry "NED"]
[EventCategory "19"]
[SourceTitle "CB06_2025"]
[SourceDate "2025.02.05"]
[SourceVersion "1"]
[SourceVersionDate "2025.02.05"]
[SourceQuality "1"]

1. e4 e5 2. Nf3 Nc6 3. Bb5 a6 4. Ba4 Nf6 5. Nc3 b5 6. Bb3 Be7 7. d3 d6 8. a3 0-0 9. 0-0 h6 10. Be3 Be6 11. Nd5 Qd7 12. Rc1 Bd8 13. c4 Na5 14. Ba2 bxc4 15. Nxf6+ Bxf6 16. dxc4 c5 17. b4 cxb4 18. axb4 Nc6 19. Rb1 Rfc8 20. Qa4 Qb7 21. Rfd1 Be7 22. h3 Rcb8 23. Bd2 Rc8 24. Be3 Rcb8 25. Bd2 Rc8 26. Qc2 Qc7 27. Rdc1 a5 28. b5 Nb4 29. Bxb4 axb4 30. Rxb4 Qc5 31. Ra4 Bd8 32. Rxa8 Rxa8 33. Bb3 Bb6 34. Rb1 Rc8 35. Rc1 Ra8 36. Ne1 Ra3 37. Rb1 Qd4 38. Nf3 Qc5 39. Ne1 Qd4 40. Nf3 Qc5 1/2-1/2

[Event "Tata Steel-A 87th"]
[Site "Wijk aan Zee"]
[Date "2025.01.24"]
[Round "6"]
[White "Praggnanandhaa, Rameshbabu"]
[Black "Wei, Yi"]
[Result "1/2-1/2"]
[WhiteElo "2741"]
[BlackElo "2751"]
[PlyCount "115"]
[EventDate "2025.01.18"]
[EventType "tourn"]
[EventRounds "13"]
[EventCountry "NED"]
[EventCategory "19"]
[SourceTitle "CB06_2025"]
[SourceDate "2025.02.05"]
[SourceVersion "1"]
[SourceVersionDate "2025.02.05"]
[SourceQuality "1"]

1. e4 e5 2. Nf3 Nc6 3. Bb5 a6 4. Ba4 Nf6 5. 0-0 Nxe4 6. d4 b5 7. Bb3 d5 8. dxe5 Be6 9. c3 Be7 10. Re1 0-0 11. h3 Qd7 12. Be3 Na5 13. Nbd2 Nxb3 14. axb3 c5 15. Nxe4 dxe4 16. Qxd7 Bxd7 17. Nd2 Bc6 18. Bf4 f5 19. exf6 Rxf6 20. Bg5 Re6 21. Bxe7 Rxe7 22. b4 cxb4 23. cxb4 Bd5 24. Nf1 Kf7 25. Ne3 Be6 26. Red1 Rd7 27. Rxd7+ Bxd7 28. Rd1 Ke6 29. Kh2 Rf8 30. Kg3 Bc6 31. Rc1 Kd6 32. Rc5 Bd7 33. Rg5 Rf7 34. Rd5+ Ke6 35. Rd1 Ke5 36. Rc1 Rf6 37. Rc5+ Kd6 38. Rd5+ Ke6 39. Rd4 Bc6 40. Rd8 Rg6+ 41. Kh2 Rf6 42. Kg1 Rf7 43. Rc8 Bb7 44. Rb8 Kd6 45. h4 g6 46. Rg8 Ke7 47. g4 Bc6 48. Kg2 Kd6 49. Rc8 Kd7 50. Rh8 Kc7 51. Kg1 Kd7 52. Kf1 Kc7 53. Rg8 Kd7 54. Ke2 Kc7 55. h5 gxh5 56. gxh5 Kd6 57. h6 Ke5 58. Rg5+ 1/2-1/2

[Event "Tata Steel-A 87th"]
[Site "Wijk aan Zee"]
[Date "2025.01.22"]
[Round "5"]
[White "Wei, Yi"]
[Black "Harikrishna, Pentala"]
[Result "1/2-1/2"]
[WhiteElo "2751"]
[BlackElo "2695"]
[PlyCount "44"]
[EventDate "2025.01.18"]
[EventType "tourn"]
[EventRounds "13"]
[EventCountry "NED"]
[EventCategory "19"]
[SourceTitle "CB06_2025"]
[SourceDate "2025.02.05"]
[SourceVersion "1"]
[SourceVersionDate "2025.02.05"]
[SourceQuality "1"]

1. e4 e6 2. d4 d5 3. Nc3 Nf6 4. e5 Nfd7 5. f4 c5 6. Nf3 Nc6 7. Be3 a6 8. Qd2 b5 9. h4 Bb7 10. Bd3 b4 11. Na4 Nxd4 12. Nxd4 cxd4 13. Bxd4 Bc6 14. b3 Bxa4 15. bxa4 Bc5 16. Bxc5 Nxc5 17. Qxb4 Nxd3+ 18. cxd3 Rb8 19. Qc5 Rc8 20. Qb4 Rb8 21. Qc5 Rc8 22. Qb4 Rb8 1/2-1/2